|
|
|
|
| LEADER |
02516nam a2200601 a 4500 |
| 001 |
nkc20081788474 |
| 003 |
CZ PrNK |
| 005 |
20080502105629.0 |
| 007 |
ta |
| 008 |
080123s2007 xr a e f 000 0 eng |
| 015 |
|
|
|a cnb001788474
|
| 020 |
|
|
|a 978-80-244-1821-6
|q (brož.) :
|c neprodejné
|
| 035 |
|
|
|a (OCoLC)228779954
|
| 040 |
|
|
|a BOA001
|b cze
|d ABA001
|
| 043 |
|
|
|a e------
|
| 072 |
|
7 |
|a 37.014
|x Vzdělávací a výchovná politika
|2 Konspekt
|9 22
|
| 080 |
|
|
|a [061:005.56]-027.543
|2 MRF
|
| 080 |
|
|
|a 37.014.542
|2 MRF
|
| 080 |
|
|
|a 377.8
|2 MRF
|
| 080 |
|
|
|a 5
|2 MRF
|
| 080 |
|
|
|a 37.013
|2 MRF
|
| 080 |
|
|
|a (4)
|2 MRF
|
| 080 |
|
|
|a (036)
|2 MRF
|
| 110 |
2 |
|
|a Improving Quality of Science Teacher Training in European Cooperation - Constructivist Approach (projekt)
|7 mzk2008412708
|
| 245 |
1 |
0 |
|a Improving Quality of Science Teacher Training in European Cooperation - Constructivist Approach :
|b IQST : compendium /
|c [editor Danuše Nezvalová]
|
| 246 |
3 |
0 |
|a IQST
|
| 250 |
|
|
|a 1st ed.
|
| 260 |
|
|
|a Olomouc :
|b Palacký University in Olomouc,
|c 2007
|
| 300 |
|
|
|a 139 s. :
|b il. ;
|c 21 cm
|
| 500 |
|
|
|a Nad názvem: Socrates
|
| 504 |
|
|
|a Obsahuje bibliografie
|
| 610 |
2 |
7 |
|a Improving Quality of Science Teacher Training in European Cooperation - Constructivist Approach (projekt)
|7 mzk2008412708
|2 czenas
|
| 610 |
2 |
7 |
|a Program Socrates
|7 ko2004244784
|2 czenas
|
| 650 |
0 |
7 |
|a mezinárodní programy a projekty
|7 ph136669
|z země Evropské unie
|2 czenas
|
| 650 |
0 |
7 |
|a vzdělávací projekty
|7 ph242428
|z země Evropské unie
|2 czenas
|
| 650 |
0 |
7 |
|a vzdělávání učitelů
|7 ph158324
|z země Evropské unie
|2 czenas
|
| 650 |
0 |
7 |
|a přírodní vědy
|7 ph115999
|2 czenas
|
| 650 |
0 |
7 |
|a konstruktivistická pedagogika
|7 ph114972
|2 czenas
|
| 650 |
0 |
9 |
|a international programs and projects
|z European Union countries
|2 eczenas
|
| 650 |
0 |
9 |
|a educational projects
|z European Union countries
|2 eczenas
|
| 650 |
0 |
9 |
|a teacher education
|z European Union countries
|2 eczenas
|
| 650 |
0 |
9 |
|a natural sciences
|2 eczenas
|
| 650 |
0 |
9 |
|a constructivist education
|2 eczenas
|
| 655 |
|
7 |
|a informační publikace
|7 fd132454
|2 czenas
|
| 655 |
|
9 |
|a information publications
|2 eczenas
|
| 700 |
1 |
|
|a Nezvalová, Danuše
|7 mzk2003210355
|4 edt
|
| 710 |
2 |
|
|a Program Socrates
|7 ko2004244784
|
| 910 |
2 |
|
|a BOA001
|b 2-1197.924
|
| 928 |
9 |
|
|a Univerzita Palackého v Olomouci
|
| 990 |
|
|
|a BK
|
| 995 |
|
|
|a 01
|
| 991 |
|
|
|b 200802
|c NOV
|
| 996 |
6 |
|
|b 2610330981
|c 2-1197.924
|l MZK
|r Sklad / do 1 hodiny
|n 0
|p p.v.
|w 000883031
|u 000010
|a 1
|e BOA001
|j MZK50
|s P
|